000 00368nam a2200169Ia 4500
003 0STCL
008 150530s9999 xx 000 0 und d
040 _aSTCL
_cSTCL
100 _aThampan, P.K.
245 _aHand book on cocunut palm
250 _aSecond
260 _c1982
546 _aEnglish
942 _2ddc
_cBK
999 _c36599
_d36599
005 20220125170406.0